[Event "Hessen-chB"]
[Site "Marburg"]
[Date "2017.??.??"]
[Round "4"]
[White "Varma, Christopher"]
[Black "Wagner, Thomas"]
[Result "1-0"]
[WhiteElo "1807"]
[BlackElo "1891"]
[PlyCount "107"]
[EventDate "2017.05.24"]
[EventType "swiss"]
[EventRounds "7"]
[EventCountry "GER"]
[SourceTitle "EXT 2018"]
[Source "ChessBase"]
[SourceDate "2017.10.13"]
[SourceVersion "1"]
[SourceVersionDate "2017.10.13"]
[SourceQuality "1"]

1. e4 e6 2. d4 b6 3. Nf3 Bb7 4. Bd3 Nf6 5. e5 Ne4 6. Qe2 f5 7. exf6 Nxf6 8. 0-0 Bd6 9. Nbd2 0-0 10. Ne4 Nxe4 11. Bxe4 Bxe4 12. Qxe4 Nc6 13. Ng5 g6 14. Nxe6 Qe7 15. Ng5 Qf6 16. c3 Rae8 17. Qd3 Re1 18. Be3 Rxa1 19. Rxa1 Ne7 20. Ne4 Qf5 21. Qc4+ Kh8 22. Nxd6 cxd6 23. Qe2 Ng8 24. d5 Qxd5 25. Bd4+ Nf6 26. Qe7 Qf7 27. Qxd6 Kg8 28. Bxf6 Qxf6 29. Qxf6 Rxf6 30. Rd1 Re6 31. Kf1 d6 32. c4 Kf7 33. Rd3 Kf6 34. f3 Ke7 35. Kf2 Kd7 36. Re3 Rf6 37. Ke2 Rf5 38. Kd3 b5 39. Re4 Rh5 40. h3 bxc4+ 41. Rxc4 Rb5 42. b3 Ra5 43. a4 Rg5 44. g4 Re5 45. b4 Re1 46. Rf4 Re7 47. b5 d5 48. Rf6 Kc7 49. Kd4 Rd7 50. f4 Kd8 51. Re6 Kc7 52. a5 Rf7 53. Kxd5 Rxf4 54. Re7+ 1-0

[Event "Hessen-chB"]
[Site "Marburg"]
[Date "2017.??.??"]
[Round "5"]
[White "Wagner, Thomas"]
[Black "Pade, Joachim"]
[Result "0-1"]
[WhiteElo "1891"]
[BlackElo "1628"]
[PlyCount "58"]
[EventDate "2017.05.24"]
[EventType "swiss"]
[EventRounds "7"]
[EventCountry "GER"]
[SourceTitle "EXT 2018"]
[Source "ChessBase"]
[SourceDate "2017.10.13"]
[SourceVersion "1"]
[SourceVersionDate "2017.10.13"]
[SourceQuality "1"]

1. Nf3 e6 2. c4 f5 3. g3 Nf6 4. Bg2 Be7 5. 0-0 0-0 6. Nc3 d6 7. d4 Ne4 8. Qc2 Nxc3 9. bxc3 Bf6 10. Ba3 Rf7 11. Rfd1 g5 12. Rab1 g4 13. Nd2 Nc6 14. d5 Ne5 15. dxe6 Bxe6 16. Rxb7 Rc8 17. c5 d5 18. Rxa7 Rg7 19. c4 d4 20. Nb3 d3 21. exd3 Nf3+ 22. Bxf3 gxf3 23. Nd2 f4 24. Nxf3 fxg3 25. fxg3 Bg4 26. Rf1 Bh3 27. Rf2 Rf7 28. Rb7 Bd4 29. Nxd4 Qxd4 0-1

[Event "Hessen-ch op-A"]
[Site "Frankfurt Sossenheim"]
[Date "2015.??.??"]
[Round "7"]
[White "Wagner, Thomas"]
[Black "Gutacker, Stephan"]
[Result "1-0"]
[WhiteElo "1935"]
[BlackElo "1950"]
[PlyCount "79"]
[EventDate "2015.05.13"]
[EventType "swiss"]
[EventRounds "7"]
[EventCountry "GER"]
[SourceTitle "EXT 2016"]
[Source "ChessBase"]
[SourceDate "2015.10.08"]
[SourceVersion "1"]
[SourceVersionDate "2015.10.08"]
[SourceQuality "1"]

1. d4 Nf6 2. c4 e6 3. Nc3 d5 4. Bg5 Be7 5. cxd5 exd5 6. e3 c6 7. Bd3 Ne4 8. Bxe7 Qxe7 9. Nge2 0-0 10. Ng3 f5 11. 0-0 g6 12. Qe2 Nd7 13. f3 Nxg3 14. hxg3 Nf6 15. Rad1 Nh5 16. Kh2 Qd6 17. Qf2 Bd7 18. Ne2 Rae8 19. Nf4 Nf6 20. Rh1 Re7 21. Kg1 Rfe8 22. Bb1 c5 23. Qd2 c4 24. Kf2 b5 25. a3 Rb8 26. g4 fxg4 27. e4 g3+ 28. Kxg3 Nh5+ 29. Rxh5 gxh5 30. e5 Qh6 31. Kf2 Be6 32. g3 h4 33. Rh1 hxg3+ 34. Kg2 Qf8 35. Nxe6 Rxe6 36. Bxh7+ Kf7 37. Qf4+ Ke8 38. Bf5 Rb7 39. Qg5 Ree7 40. Qg6+ 1-0

[Event "Hessen-chB"]
[Site "Korbach"]
[Date "2013.03.30"]
[Round "6"]
[White "Wagner, Thomas"]
[Black "Tschoepe, Nino"]
[Result "1/2-1/2"]
[WhiteElo "1941"]
[BlackElo "1718"]
[PlyCount "36"]
[EventDate "2013.03.27"]
[EventType "swiss"]
[EventRounds "7"]
[EventCountry "GER"]
[SourceTitle "EXT 2014"]
[Source "ChessBase"]
[SourceDate "2013.11.20"]
[SourceVersion "1"]
[SourceVersionDate "2013.11.20"]
[SourceQuality "1"]

1. d4 Nf6 2. Nc3 d5 3. Nf3 c5 4. Bf4 Nc6 5. e3 Bg4 6. Be2 e6 7. 0-0 Be7 8. dxc5 Bxc5 9. Nb5 0-0 10. c3 a6 11. Nbd4 Nxd4 12. Nxd4 Bxe2 13. Qxe2 Ne4 14. Qh5 Bd6 15. f3 Nf6 16. Qg5 h6 17. Qg3 Nh5 18. Qg4 Nf6 1/2-1/2

[Event "Hessen-chB"]
[Site "Offenbach"]
[Date "2012.04.06"]
[Round "5"]
[White "Wagner, Thomas"]
[Black "Lanz, Udo"]
[Result "0-1"]
[WhiteElo "1932"]
[BlackElo "1873"]
[PlyCount "94"]
[EventDate "2012.04.05"]
[EventType "swiss"]
[EventRounds "7"]
[EventCountry "GER"]
[SourceTitle "EXT 2013"]
[Source "ChessBase"]
[SourceDate "2012.11.22"]
[SourceVersion "1"]
[SourceVersionDate "2012.11.22"]
[SourceQuality "1"]

1. d4 f5 2. Nf3 Nf6 3. h4 e6 4. Bg5 Be7 5. e3 d6 6. Nc3 b6 7. Bc4 d5 8. Bb5+ Bd7 9. Ne5 a6 10. Bxf6 Bxf6 11. Bxd7+ Nxd7 12. Qh5+ g6 13. Qh6 Nxe5 14. dxe5 Bxe5 15. h5 Qf6 16. 0-0-0 g5 17. Qxf6 Bxf6 18. Ne2 c5 19. g4 0-0-0 20. c3 h6 21. Kc2 Rhf8 22. gxf5 exf5 23. Rhg1 Kc7 24. Rd2 Kc6 25. Rgd1 b5 26. a3 a5 27. b3 Rf7 28. c4 bxc4 29. bxc4 Rfd7 30. cxd5+ Rxd5 31. Ng3 Rxd2+ 32. Rxd2 Rxd2+ 33. Kxd2 Kb5 34. Nxf5 Kc4 35. Nxh6 Kb3 36. Ng4 Bh8 37. e4 c4 38. Ne3 c3+ 39. Kc1 Kxa3 40. Nc2+ Kb3 41. Na1+ Kc4 42. h6 a4 43. Nc2 Kd3 44. f3 Ke2 45. Na3 Kxf3 46. Kc2 Kxe4 47. Nb5 Kf5 0-1

[Event "Nordhausen op 11th"]
[Site "Nordhausen"]
[Date "2011.08.06"]
[Round "6.14"]
[White "Braun, Ingram H"]
[Black "Wagner, Thomas"]
[Result "1-0"]
[WhiteElo "1957"]
[BlackElo "1810"]
[PlyCount "39"]
[EventDate "2011.08.04"]
[EventType "swiss"]
[EventRounds "7"]
[EventCountry "GER"]
[SourceTitle "EXT 2019"]
[Source "ChessBase"]
[SourceDate "2018.10.10"]
[SourceVersion "1"]
[SourceVersionDate "2018.10.10"]
[SourceQuality "1"]

1. e4 d5 2. exd5 Qxd5 3. Nf3 Nf6 4. d4 Bg4 5. Be2 Nc6 6. c4 Qh5 7. Be3 0-0-0 8. Nc3 e6 9. a3 Kb8 10. b4 Be7 11. 0-0 Bd6 12. c5 Bxf3 13. cxd6 Bxe2 14. dxc7+ Kxc7 15. Nxe2 e5 16. Qc2 Kb8 17. Ng3 Qg4 18. dxe5 Nxe5 19. Bxa7+ Ka8 20. Bb6 1-0

[Event "Hessen-ch Gr-C 65th"]
[Site "Gladenbach"]
[Date "2011.04.22"]
[Round "5"]
[White "Eibelshaeuser, Stefan"]
[Black "Wagner, Thomas"]
[Result "1/2-1/2"]
[WhiteElo "2026"]
[BlackElo "1785"]
[PlyCount "107"]
[EventDate "2011.04.20"]
[EventType "swiss"]
[EventRounds "7"]
[EventCountry "GER"]
[SourceTitle "CBM 142 Extra"]
[Source "ChessBase"]
[SourceDate "2011.06.27"]
[SourceVersion "1"]
[SourceVersionDate "2011.06.27"]
[SourceQuality "1"]

1. d4 Nf6 2. c4 e5 3. dxe5 Ng4 4. Bf4 Bc5 5. e3 Nc6 6. Nf3 Qe7 7. a3 Ngxe5 8. Nxe5 Nxe5 9. b4 Bd6 10. c5 Nd3+ 11. Bxd3 Bxf4 12. Nc3 c6 13. 0-0 Be5 14. Ne4 d5 15. cxd6 Bxd6 16. Nxd6+ Qxd6 17. Qc2 Be6 18. Rfd1 Qe5 19. Rac1 g6 20. b5 cxb5 21. Qc7 Qxc7 22. Rxc7 a6 23. Be4 0-0 24. Rxb7 Rfd8 25. Ra1 Bd5 26. Bxd5 Rxd5 27. Rb6 Rad8 28. Kf1 R8d6 29. Rxd6 Rxd6 30. Ke2 Rc6 31. Kd3 Rc4 32. a4 Rxa4 33. Rxa4 bxa4 34. Kc3 a3 35. Kb3 a2 36. Kxa2 Kg7 37. e4 Kf6 38. f4 g5 39. g3 gxf4 40. gxf4 Ke6 41. Kb3 Kd6 42. Kc4 a5 43. Kb5 a4 44. Kxa4 Kc5 45. e5 Kd5 46. Kb5 h5 47. h4 Ke4 48. Kc5 Kxf4 49. Kd6 Ke4 50. e6 fxe6 51. Kxe6 Kf4 52. Kf6 Kg4 53. Ke5 Kxh4 54. Kf4 1/2-1/2

[Event "Hessen-ch Gr-C 65th"]
[Site "Gladenbach"]
[Date "2011.04.21"]
[Round "3"]
[White "Wagner, Thomas"]
[Black "Braunberger, Gerald"]
[Result "0-1"]
[WhiteElo "1785"]
[BlackElo "1887"]
[PlyCount "48"]
[EventDate "2011.04.20"]
[EventType "swiss"]
[EventRounds "7"]
[EventCountry "GER"]
[SourceTitle "CBM 142 Extra"]
[Source "ChessBase"]
[SourceDate "2011.06.27"]
[SourceVersion "1"]
[SourceVersionDate "2011.06.27"]
[SourceQuality "1"]

1. Nf3 d5 2. c4 c6 3. d4 Nf6 4. Nc3 e6 5. cxd5 exd5 6. Bg5 Be7 7. Qc2 0-0 8. e3 h6 9. h4 Nbd7 10. Be2 Re8 11. Bf4 Qa5 12. 0-0 Bf8 13. Ne5 Qd8 14. h5 Nxe5 15. Bxe5 Ng4 16. Bf4 Bd6 17. Qd1 Bxf4 18. Bxg4 Qh4 19. exf4 Bxg4 20. Qb3 Re7 21. Qa3 Rae8 22. Qxa7 Bxh5 23. b4 Qxf4 24. b5 Bf3 0-1

[Event "Hessen-ch Gr-C 65th"]
[Site "Gladenbach"]
[Date "2011.04.21"]
[Round "2"]
[White "Wagner, Thomas"]
[Black "Koch, Thomas2"]
[Result "1-0"]
[WhiteElo "1785"]
[BlackElo "1938"]
[PlyCount "90"]
[EventDate "2011.04.20"]
[EventType "swiss"]
[EventRounds "7"]
[EventCountry "GER"]
[SourceTitle "CBM 142 Extra"]
[Source "ChessBase"]
[SourceDate "2011.06.27"]
[SourceVersion "1"]
[SourceVersionDate "2011.06.27"]
[SourceQuality "1"]

1. Nf3 f5 2. c4 g6 3. g3 Bg7 4. Bg2 Nf6 5. 0-0 0-0 6. Nc3 d6 7. d4 Qe8 8. Qc2 e5 9. Nb5 Na6 10. dxe5 dxe5 11. Be3 Bd7 12. a4 e4 13. Nd2 Qe7 14. Bf4 Nh5 15. Be3 b6 16. a5 c6 17. axb6 Nb4 18. Qb3 cxb5 19. c5+ Nd5 20. Qxd5+ Be6 21. Qc6 Bd7 22. Qb7 Rfb8 23. Qa6 Bc6 24. bxa7 Rc8 25. Qb6 Nf6 26. Bg5 h6 27. Bxf6 Qxf6 28. Nb3 Bd5 29. Na5 Qxb2 30. Rad1 Qe5 31. f4 Qe6 32. Kh1 Bc3 33. Rc1 Bxa5 34. Qxa5 Qc6 35. Rfd1 Bc4 36. Rd6 Qxc5 37. Rxg6+ Kh7 38. Qa6 Qf8 39. Rf6 Qg7 40. Bh3 b4 41. Bxf5+ Kg8 42. Rxc4 Rxc4 43. Qe6+ Kh8 44. Rxh6+ Qxh6 45. Qxh6+ Kg8 1-0

[Event "Hessen-ch Gr-C 65th"]
[Site "Gladenbach"]
[Date "2011.04.20"]
[Round "1"]
[White "Hild, Roman"]
[Black "Wagner, Thomas"]
[Result "1/2-1/2"]
[WhiteElo "2017"]
[BlackElo "1785"]
[PlyCount "127"]
[EventDate "2011.04.20"]
[EventType "swiss"]
[EventRounds "7"]
[EventCountry "GER"]
[SourceTitle "CBM 142 Extra"]
[Source "ChessBase"]
[SourceDate "2011.06.27"]
[SourceVersion "1"]
[SourceVersionDate "2011.06.27"]
[SourceQuality "1"]

1. e4 e6 2. d3 b6 3. Nf3 Bb7 4. Nbd2 c5 5. g3 Nc6 6. Bg2 Nge7 7. 0-0 g6 8. c3 Bg7 9. Re1 d6 10. Nf1 0-0 11. h4 Qc7 12. Qe2 b5 13. Bf4 Rad8 14. Rad1 Qa5 15. N1h2 d5 16. e5 d4 17. cxd4 cxd4 18. Ng4 Nd5 19. Bg5 Rd7 20. Nf6+ Nxf6 21. exf6 Bh8 22. Nh2 Qd8 23. Ng4 h5 24. Nh6+ Kh7 25. Qxh5 Bxf6 26. Be4 Kg7 27. Bxf6+ Qxf6 28. Qxb5 Kxh6 29. Bxc6 Bxc6 30. Qxc6 Rd5 31. b4 Qf3 32. a4 g5 33. Qc1 Kg6 34. Qd2 Rh8 35. Qe2 Qxe2 36. Rxe2 gxh4 37. g4 Rc8 38. Ra2 Kg5 39. f3 Rc3 40. Rdd2 Kf4 41. Rac2 Ke3 42. Kf1 Kxf3 43. Rf2+ Kxg4 44. Rg2+ Kf4 45. Rgf2+ Ke3 46. Rce2+ Kxd3 47. Rf3+ Kc4 48. Rxf7 Rf5+ 49. Rxf5 exf5 50. Rf2 Kxb4 51. Rxf5 d3 52. Ke1 h3 53. Rh5 h2 54. Kd2 Ra3 55. Rh4+ Ka5 56. Ke3 h1Q 57. Rxh1 Kxa4 58. Rb1 a5 59. Kd2 Rb3 60. Rh1 Kb4 61. Rh4+ Ka3 62. Rh8 Ka2 63. Ra8 a4 64. Rxa4+ 1/2-1/2

[Event "GER-ch U25 op"]
[Site "Willingen"]
[Date "2008.05.13"]
[Round "4"]
[White "Arnold, Sebastian"]
[Black "Wagner, Thomas"]
[Result "1-0"]
[WhiteElo "1366"]
[BlackElo "1554"]
[PlyCount "85"]
[EventDate "2008.05.11"]
[EventType "swiss"]
[EventRounds "9"]
[EventCountry "GER"]
[SourceTitle "CBM 124 Extra"]
[Source "ChessBase"]
[SourceDate "2008.07.03"]
[SourceVersion "1"]
[SourceVersionDate "2008.07.03"]
[SourceQuality "1"]

1. e4 c5 2. Nf3 d6 3. d4 cxd4 4. Nxd4 g6 5. Be2 Bg7 6. Be3 Nf6 7. Nc3 0-0 8. h3 Nc6 9. f4 Nxd4 10. Bxd4 Qc7 11. Be3 a6 12. 0-0 b5 13. a3 Rd8 14. Bf3 Bb7 15. Qd3 Rac8 16. Rad1 Qc4 17. Rf2 Qxd3 18. Rxd3 Nd7 19. Bd4 Nc5 20. Bxc5 dxc5 21. Rxd8+ Rxd8 22. e5 Bxf3 23. Rxf3 f6 24. exf6 Bxf6 25. Rd3 Rxd3 26. cxd3 Kf7 27. Kf2 Bxc3 28. bxc3 a5 29. Ke3 Ke6 30. Ke4 a4 31. g4 Kd6 32. d4 c4 33. h4 Ke6 34. d5+ Kd6 35. Kd4 h6 36. h5 gxh5 37. gxh5 b4 38. cxb4 c3 39. Kxc3 Kxd5 40. Kd3 e6 41. Kc3 Ke4 42. b5 Kd5 43. Kb4 1-0

[Event "Unterfranken-ch M2 43th"]
[Site "Sailauf"]
[Date "1992.??.??"]
[Round "?"]
[White "Reitz, Helmut"]
[Black "Wagner, Thomas"]
[Result "0-1"]
[WhiteElo "1872"]
[BlackElo "1839"]
[PlyCount "108"]
[EventDate "1992.04.20"]
[EventType "swiss"]
[EventRounds "9"]
[EventCountry "GER"]
[SourceTitle "EXT 1998"]
[Source "ChessBase"]
[SourceDate "1997.11.17"]
[SourceVersion "1"]
[SourceVersionDate "1997.11.17"]
[SourceQuality "1"]

1. d4 Nf6 2. c4 e6 3. Nf3 d5 4. Nc3 c6 5. Bg5 dxc4 6. a4 Nbd7 7. e4 Qa5 8. Bxf6 Nxf6 9. Nd2 Bb4 10. Qc1 Qg5 11. g3 e5 12. dxe5 Qxe5 13. Bg2 b5 14. axb5 cxb5 15. f4 Qd4 16. h3 Qe3+ 17. Kf1 Nh5 18. Bf3 Nxg3+ 19. Kg2 Bxc3 20. Re1 Qxd2+ 21. Qxd2 Bxd2 22. Red1 Bxf4 23. e5 0-0 24. Bxa8 Bxh3+ 25. Kxh3 Rxa8 26. Rxa7 Rf8 27. Rd5 b4 28. Rc7 Nf5 29. Rb5 c3 30. bxc3 bxc3 31. Rxc3 Nd4 32. Rd5 Ne6 33. Rb3 h5 34. Kg2 g5 35. Rd1 Bxe5 36. Rh1 Kg7 37. Rb5 f6 38. Rb6 Nf4+ 39. Kf3 Kg6 40. Rb7 Rc8 41. Rd1 Kf5 42. Rb5 Rc3+ 43. Kf2 Rc2+ 44. Kg1 h4 45. Kh1 Nh3 46. Rxe5+ fxe5 47. Rf1+ Nf2+ 48. Kg1 Re2 49. Kg2 Kg4 50. Kh2 Kf3 51. Ra1 g4 52. Ra3+ Nd3+ 53. Kh1 Re1+ 54. Kh2 g3+ 0-1

[Event "Unterfranken-ch M2 43th"]
[Site "Sailauf"]
[Date "1992.??.??"]
[Round "?"]
[White "Rink, Christian"]
[Black "Wagner, Thomas"]
[Result "1-0"]
[WhiteElo "1854"]
[BlackElo "1839"]
[PlyCount "41"]
[EventDate "1992.04.20"]
[EventType "swiss"]
[EventRounds "9"]
[EventCountry "GER"]
[SourceTitle "EXT 1998"]
[Source "ChessBase"]
[SourceDate "1997.11.17"]
[SourceVersion "1"]
[SourceVersionDate "1997.11.17"]
[SourceQuality "1"]

1. e4 c5 2. Nf3 d6 3. d4 cxd4 4. Nxd4 Nf6 5. Nc3 a6 6. Bg5 e6 7. f4 Be7 8. Qf3 Qc7 9. 0-0-0 Nbd7 10. Bd3 Nc5 11. Rhe1 b5 12. Bxf6 gxf6 13. Qg3 b4 14. Qg7 Rf8 15. Nd5 exd5 16. exd5 Nxd3+ 17. Rxd3 Bd7 18. Rde3 0-0-0 19. Rxe7 Qa5 20. Rxd7 Qxd5 21. Rxd8+ 1-0

[Event "Unterfranken-ch M2 43th"]
[Site "Sailauf"]
[Date "1992.??.??"]
[Round "?"]
[White "Wagner, Thomas"]
[Black "Wambach, Juergen"]
[Result "1-0"]
[WhiteElo "1839"]
[BlackElo "1742"]
[PlyCount "69"]
[EventDate "1992.04.20"]
[EventType "swiss"]
[EventRounds "9"]
[EventCountry "GER"]
[SourceTitle "EXT 1998"]
[Source "ChessBase"]
[SourceDate "1997.11.17"]
[SourceVersion "1"]
[SourceVersionDate "1997.11.17"]
[SourceQuality "1"]

1. e4 e6 2. c4 d5 3. cxd5 exd5 4. Qb3 dxe4 5. Bc4 Qd7 6. Nh3 Bd6 7. 0-0 Nf6 8. Nc3 0-0 9. Ng5 Nc6 10. Qc2 Nd4 11. Qb1 Qc6 12. Ncxe4 Nxe4 13. Qxe4 Qxe4 14. Nxe4 Be5 15. f4 Bd6 16. Nxd6 cxd6 17. b3 Bf5 18. Bb2 Nc2 19. Rac1 Nb4 20. Ba3 a5 21. Be2 Nxa2 22. Rc7 Be4 23. d3 Bd5 24. Bxd6 Rfd8 25. Be5 Bxb3 26. Rxb7 Bd5 27. Rb5 Bc6 28. Rb6 Bd5 29. Rfb1 Nb4 30. Bd6 Nc6 31. Bc5 h6 32. d4 a4 33. Bb5 Rdc8 34. Ra1 Bb3 35. Bxc6 1-0